000 00403cam a22001337a 4500
008 180718b1978 xxu||||| |||| 00| 0 eng d
082 _aT19x54 C393i
100 _aChaudhri, Pramit
245 _aThe Indian economy : poverty and development
_cby Pramit Chaudhri
260 _aDelhi
_bVikas
_c1978
300 _aix,279p.
650 _aIndia --Economic conditions --1947
650 _aIndia --Economic policy
999 _c436647
_d436647